01555nam a2200301 u 450000100100000000500170001000800410002704000250006808200170009310000270011024500470013726000430018449000300022749000690025750400320032659000270035865000190038565000200040465000220042483001020044691000370054895201320058595201360071795201360085395201220098995201270111199900150123800000291920260218080533.0090706s1985 dr 000 0 spa d aDO-SdBNPbspacBNPHU a335.4bP644m1 aPimentel, Miguel9927110aMarxismo y positivismo /cMiguel Pimentel. aSanto Domingo :bUniversitaria,c1985.1 aFilosofía y sociedadv21 aPublicaciones de la universidad Autónoma de Santo Domingov373 aBibliográfia : p. 303-304 aInventariado, 2019/MFF 0aMarxismo95234 0aSocialismo9287 0aPositivismo92423 0aFilosofía y sociedadv2pPublicaciones de la universidad Autónoma de Santo Domingon37399272 aValidado. Control de calidad MFF 001054708DSaGRbGRcHDd2009-07-06e03iLF1l0o335.4 P644mp2919-50r2020-06-25te.5w2020-06-25yLFDSZPréstamo en sala 001054708DSaGRbGRcHDd2009-07-06e031619iLF1l0o335.4 P644mp2919-40r2020-06-25te.4w2020-06-25yLFDSZPréstamo en sala 001054708DSaGRbGRcHDd2009-07-06e031871iLF1l0o335.4 P644mp2919-30r2020-06-25te.3w2020-06-25yLFDSZPréstamo en sala 0010718PDaPDbPDcHDd2009-07-06e025840iLF1l0o335.4 P644mp2919-10r2020-06-25w2020-06-25yLFPDZNo se presta 0010718PDaPDbPDcHDd2009-07-06e036987iLF1l0o335.4 P644mp2919-20r2020-06-25te.2w2020-06-25yLFPDZNo se presta c2752d2752